Cuentos del Norte / (Registro nro. 12573)
[ vista simple ]
| 000 -LIDER | |
|---|---|
| fixed length control field | 00922nam a2200325 4500 |
| 001 - NÚMERO DE CONTROL | |
| Identificador de número de control | |
| 003 - IDENTIFICACDOR DE NÚMERO DE CONTROL | |
| control field | DO-SdBNP |
| 005 - DATE AND TIME OF LATEST TRANSACTION | |
| control field | 20180214105012.0 |
| 008 - ELEMENTOS DE LONGITUD FIJA | |
| fixed length control field | 920725s1958 sp spa |
| 016 7# - NO. DE CONTROL DE LA AGENCIA BIB. NACIONAL | |
| Record control number | |
| Canceled/invalid record control number | |
| Source | |
| 035 ## - NÚMERO LOCAL | |
| System control number | |
| 040 ## - FUENTE DE CATALOGACIÓN | |
| Agencia que crea de manera original el registro | BPMSU |
| Idioma de catalogación | spa |
| Agencia que realiza la transcripción | BPMSU |
| 080 #0 - NÚMERO DE CLASIFICACIÓN DECIMAL UNIVERSAL | |
| Universal Decimal Classification number | |
| 082 ## - NÚMERO DE CLASIFICACIÓN DECIMAL DE DEWEY | |
| Classification number | xxx |
| Item number | xxx |
| 100 1# - ASIENTO PRINCIPAL -- NOMBRE PERSONAL | |
| Nombre personal | Langenskioeld-Hoffmann, Ebba |
| 245 10 - MENCIÓN DE TITULO | |
| Título | Cuentos del Norte / |
| Medio (Designación general de material) | |
| Mención de responsabilidad | Ebba Langenskiöld-Hoffmann ; Traducción de Nanny Wachsmuth de Zamora. Ilustraciones de H. Arteluís |
| 250 ## - MENCIÓN DE EDICION | |
| Mención de edición | 2ª ed. |
| 260 ## - PUBLICACIÓN, DISTRIBUCIÓN, ETC. (PIE DE IMPRENTA) | |
| Lugar de publicación, distribución, etc | Barcelona : |
| Nombre del editor, distribuidor, etc. | Editorial Juventud, |
| Fecha de publicación, distribución, etc | 1958 |
| 300 ## - DESCRIPCIÓN FÍSICA | |
| Extensión | 158 p., 1 h. |
| Dimensiones | 24 cm |
| 500 ## - NOTA GENERAL | |
| Nota general | Grab. intercal. |
| 650 #7 - ENCABEZAMIENTO DE MATERIA--TEMÁTICO | |
| Término temático o nombre geográfico como elemento de entrada | Cuentos de hadas |
| Subdivisión de forma | Libros infantiles |
| 700 1# - ASIENTO SECUNDARIO -- NOMBRE PERSONAL | |
| Nombre personal | Wachsmuth de Zamora, Nanny |
| 700 1# - ASIENTO SECUNDARIO -- NOMBRE PERSONAL | |
| Nombre personal | Artelius, H. |
| 942 ## - ADDED ENTRY ELEMENTS (KOHA) | |
| Source of classification or shelving scheme | Dewey Decimal Classification |
| Koha item type | Libros |
| 945 ## - INFORMACIÓN DE PROCESAMIENTO LOCAL | |
| Información de procesamiento local | inventariado, 2018 / dg |
| 956 ## - LOCAL ELECTRONIC LOCATION AND ACCESS (OCLC) | |
| Nombre de host | VMateo |
| 980 ## - EQUIVALENCE OR CROSS-REFERENCE-SERIES STATEMENT--PERSONAL NAME/TITLE [LOCAL, CANADA] | |
| Personal name | |
| Numeration | |
| Attribution qualifier | |
| Affiliation | |
| Titles and other words associated with a name | |
| 980 ## - EQUIVALENCE OR CROSS-REFERENCE-SERIES STATEMENT--PERSONAL NAME/TITLE [LOCAL, CANADA] | |
| Personal name | |
| Numeration | |
| Attribution qualifier | |
| Titles and other words associated with a name | |
| 980 ## - EQUIVALENCE OR CROSS-REFERENCE-SERIES STATEMENT--PERSONAL NAME/TITLE [LOCAL, CANADA] | |
| Personal name | |
| Numeration | |
| Attribution qualifier | |
| Titles and other words associated with a name | |
| Withdrawn status | Lost status | Source of classification or shelving scheme | Damaged status | Not for loan | Collection code | Home library | Current library | Date acquired | Source of acquisition | Total Checkouts | Full call number | Barcode | Date last seen | Price effective from | Koha item type |
|---|---|---|---|---|---|---|---|---|---|---|---|---|---|---|---|
| Dewey Decimal Classification | Colección Infantil General | Biblioteca Pública Metropolitana Salomé Ureña | Biblioteca Pública Metropolitana Salomé Ureña | 06/23/2017 | desconocido | xxx xxx | BPMSU17060003 | 06/23/2017 | 06/23/2017 | Libros |